000
00224 a2200097 4500
001
13796
100
_a
Clark, J B
245
_a
Mathematical & Physical Tables
260
_a
London
_b
Oliver & Boyd Ltd
_c
090
_c
10785
_d
10785
942
_a
NUST-CAE
_c
M
_c
875
999
_c
248869
_d
248869